[Event "Ïåðâåíñòâî Ìîñêâû ïî øàõìàòàì 2015 ñðåäè ìàëü÷èêîâ (Ì19)"]
[Site "Moscow"]
[Date "2015.11.12"]
[Round "1.1"]
[White "Ìàòþíèí, Âëàäèñëàâ"]
[Black "Åëåöêèé, Èâàí"]
[Result "0-1"]
[WhiteElo "2062"]
[BlackElo "2365"]
[PlyCount "0"]
[EventDate "2015.11.12"]

1. d4 {[%clk 1:30:59]} Nf6 {[%clk 1:30:36]} 2. c4 {[%clk 1:31:08]} e6
{[%clk 1:31:00]} 3. Nc3 {[%clk 1:30:58]} Bb4 {[%clk 1:31:23]} 4. e3
{[%clk 1:30:36]} O-O {[%clk 1:31:01]} 5. Bd3 {[%clk 1:30:09]} c5 {[%clk 1:18:34]}
6. Nge2 {[%clk 1:28:00]} Nc6 {[%clk 1:17:14]} 7. O-O {[%clk 1:24:41]} d6
{[%clk 1:17:20]} 8. a3 {[%clk 1:21:12]} Ba5 {[%clk 1:17:00]} 9. Bd2
{[%clk 1:14:16]} Qe7 {[%clk 1:16:00]} 10. Rb1 {[%clk 1:12:54]} Bd7
{[%clk 1:15:58]} 11. Qc2 {[%clk 1:06:00]} Rac8 {[%clk 1:14:18]} 12. Rfd1
{[%clk 1:00:45]} Rfd8 {[%clk 1:13:07]} 13. Ne4 {[%clk 0:59:31]} Bxd2
{[%clk 1:13:16]} 14. Rxd2 {[%clk 0:58:53]} h6 {[%clk 1:12:50]} 15. Nxf6+
{[%clk 0:56:51]} Qxf6 {[%clk 1:12:09]} 16. b4 {[%clk 0:56:19]} b6
{[%clk 1:06:11]} 17. b5 {[%clk 0:48:46]} Na5 {[%clk 1:05:07]} 18. dxc5
{[%clk 0:48:10]} Rxc5 {[%clk 1:02:59]} 19. Qa2 {[%clk 0:37:53]} Rdc8
{[%clk 1:02:02]} 20. Rb4 {[%clk 0:34:22]} Qe7 {[%clk 0:53:39]} 21. h3
{[%clk 0:33:41]} R5c7 {[%clk 0:37:38]} 22. Nd4 {[%clk 0:27:40]} Qf6
{[%clk 0:34:34]} 23. Rc2 {[%clk 0:23:55]} e5 {[%clk 0:26:50]} 24. Nb3
{[%clk 0:21:20]} Nxb3 {[%clk 0:26:55]} 25. Qxb3 {[%clk 0:20:25]} Qg5
{[%clk 0:26:18]} 26. Kf1 {[%clk 0:19:48]} Rc5 {[%clk 0:26:12]} 27. Be4
{[%clk 0:18:21]} Be6 {[%clk 0:24:30]} 28. Bc6 {[%clk 0:18:12]} a5
{[%clk 0:24:05]} 29. Ra4 {[%clk 0:16:44]} d5 {[%clk 0:23:31]} 30. e4
{[%clk 0:06:52]} dxc4 {[%clk 0:23:29]} 31. Raxc4 {[%clk 0:07:18]} Rxc4
{[%clk 0:23:19]} 32. Rxc4 {[%clk 0:07:42]} Qd2 {[%clk 0:23:01]} 33. Kg1
{[%clk 0:06:57]} Qe2 {[%clk 0:22:59]} 34. Bd5 {[%clk 0:06:58]} Rxc4
{[%clk 0:23:21]} 0-1

[Event "Ïåðâåíñòâî Ìîñêâû ïî øàõìàòàì 2015 ñðåäè ìàëü÷èêîâ (Ì19)"]
[Site "Moscow"]
[Date "2015.11.12"]
[Round "1.2"]
[White "Ñàâåíêîâ, Êîíñòàíòèí"]
[Black "Òèòîâ, Åâãåíèé"]
[Result "1-0"]
[WhiteElo "2324"]
[BlackElo "2057"]
[PlyCount "0"]
[EventDate "2015.11.12"]

1. e4 {[%clk 1:30:58]} c6 {[%clk 1:30:51]} 2. d4 {[%clk 1:31:26]} d5
{[%clk 1:31:13]} 3. Nd2 {[%clk 1:31:53]} dxe4 {[%clk 1:31:36]} 4. Nxe4
{[%clk 1:32:21]} Bf5 {[%clk 1:31:54]} 5. Nc5 {[%clk 1:32:49]} e5 {[%clk 1:32:06]}
6. Nxb7 {[%clk 1:31:57]} Qb6 {[%clk 1:32:27]} 7. Nc5 {[%clk 1:31:58]} exd4
{[%clk 1:32:44]} 8. Nb3 {[%clk 1:31:17]} Bb4+ {[%clk 1:32:58]} 9. Bd2
{[%clk 1:31:30]} Nf6 {[%clk 1:33:19]} 10. Qe2+ {[%clk 1:21:08]} Be6
{[%clk 1:33:41]} 11. Bxb4 {[%clk 1:14:14]} Qxb4+ {[%clk 1:34:02]} 12. Qd2
{[%clk 1:14:38]} Qxd2+ {[%clk 1:33:48]} 13. Kxd2 {[%clk 1:14:55]} Ne4+
{[%clk 1:13:03]} 14. Ke1 {[%clk 1:15:07]} Bxb3 {[%clk 1:12:21]} 15. axb3
{[%clk 1:15:05]} O-O {[%clk 1:12:22]} 16. f3 {[%clk 1:13:00]} Nf6
{[%clk 1:11:51]} 17. Kf2 {[%clk 1:11:00]} c5 {[%clk 1:08:58]} 18. Bb5
{[%clk 1:11:04]} Nd5 {[%clk 0:58:28]} 19. Ne2 {[%clk 1:09:01]} Nc7
{[%clk 0:58:35]} 20. Bd3 {[%clk 1:08:27]} a6 {[%clk 0:53:06]} 21. Be4
{[%clk 1:04:47]} Ra7 {[%clk 0:53:29]} 22. Nf4 {[%clk 1:02:40]} Nd7
{[%clk 0:39:38]} 23. Ra5 {[%clk 1:00:54]} g5 {[%clk 0:29:23]} 24. Nd3
{[%clk 1:00:20]} Ne6 {[%clk 0:29:47]} 25. Rha1 {[%clk 0:58:55]} Rc8
{[%clk 0:27:04]} 26. Rxa6 {[%clk 0:53:54]} Rxa6 {[%clk 0:27:12]} 27. Rxa6
{[%clk 0:54:19]} c4 {[%clk 0:27:32]} 28. bxc4 {[%clk 0:54:26]} Ndc5
{[%clk 0:26:47]} 29. Nxc5 {[%clk 0:54:02]} Nxc5 {[%clk 0:24:53]} 30. Bf5
{[%clk 0:54:15]} Rb8 {[%clk 0:21:46]} 31. Rc6 {[%clk 0:54:18]} Na4
{[%clk 0:20:27]} 32. b3 {[%clk 0:54:45]} Nc3 {[%clk 0:19:37]} 33. Rc8+
{[%clk 0:54:17]} 1-0

[Event "Ïåðâåíñòâî Ìîñêâû ïî øàõìàòàì 2015 ñðåäè ìàëü÷èêîâ (Ì19)"]
[Site "Moscow"]
[Date "2015.11.12"]
[Round "1.3"]
[White "Âèõàðåâ, Àëåêñåé"]
[Black "Òàðàñîâ, Àëåêñàíäð"]
[Result "0-1"]
[WhiteElo "2055"]
[BlackElo "2286"]
[PlyCount "0"]
[EventDate "2015.11.12"]


1. e4 {[%clk 1:30:43]} e6 {[%clk 1:28:34]} 2. d4 {[%clk 1:30:45]} d5
{[%clk 1:28:58]} 3. e5 {[%clk 1:29:01]} c5 {[%clk 1:29:21]} 4. Nf3
{[%clk 1:29:27]} Nc6 {[%clk 1:25:07]} 5. Bd3 {[%clk 1:29:28]} cxd4
{[%clk 1:22:15]} 6. O-O {[%clk 1:29:51]} Bc5 {[%clk 1:09:45]} 7. a3
{[%clk 1:29:52]} a5 {[%clk 1:08:59]} 8. Nbd2 {[%clk 1:29:15]} Nge7
{[%clk 1:00:14]} 9. Nb3 {[%clk 1:26:12]} Bb6 {[%clk 1:00:21]} 10. Bf4
{[%clk 1:26:29]} a4 {[%clk 0:58:55]} 11. Nbd2 {[%clk 1:26:32]} f6
{[%clk 0:51:00]} 12. Re1 {[%clk 1:18:53]} Ng6 {[%clk 0:44:43]} 13. Bg3
{[%clk 1:18:24]} O-O {[%clk 0:43:29]} 14. exf6 {[%clk 0:56:03]} gxf6
{[%clk 0:41:09]} 15. Nh4 {[%clk 0:54:03]} Nxh4 {[%clk 0:35:05]} 16. Bxh4
{[%clk 0:50:44]} e5 {[%clk 0:27:48]} 17. Qh5 {[%clk 0:39:30]} Qc7
{[%clk 0:27:09]} 18. Nf1 {[%clk 0:16:46]} Qf7 {[%clk 0:25:41]} 19. Qxf7+
{[%clk 0:11:15]} Kxf7 {[%clk 0:22:51]} 20. f3 {[%clk 0:09:31]} f5
{[%clk 0:20:29]} 21. Ng3 {[%clk 0:09:37]} e4 {[%clk 0:19:37]} 22. fxe4
{[%clk 0:10:06]} dxe4 {[%clk 0:19:34]} 23. Bc4+ {[%clk 0:10:16]} Kg6
{[%clk 0:19:38]} 24. Kh1 {[%clk 0:09:08]} Ne5 {[%clk 0:19:17]} 25. Bd5
{[%clk 0:06:46]} Ra5 {[%clk 0:18:58]} 26. Ba2 {[%clk 0:06:33]} d3
{[%clk 0:12:53]} 27. Be7 {[%clk 0:07:02]} Re8 {[%clk 0:12:44]} 28. Bb4
{[%clk 0:06:45]} Ra8 {[%clk 0:12:48]} 29. Rad1 {[%clk 0:03:58]} Ng4
{[%clk 0:09:04]} 30. Rf1 {[%clk 0:01:20]} Nf2+ {[%clk 0:05:45]} 31. Rxf2
{[%clk 0:01:49]} Bxf2 {[%clk 0:06:09]} 32. cxd3 {[%clk 0:02:12]} Bxg3
{[%clk 0:05:16]} 33. hxg3 {[%clk 0:02:30]} Be6 {[%clk 0:04:39]} 34. Bxe6
{[%clk 0:01:48]} Rxe6 {[%clk 0:05:07]} 35. d4 {[%clk 0:02:18]} Rd8
{[%clk 0:04:22]} 36. d5 {[%clk 0:01:38]} Re5 {[%clk 0:04:38]} 37. d6
{[%clk 0:01:55]} Rd7 {[%clk 0:05:05]} 38. Kg1 {[%clk 0:01:45]} e3
{[%clk 0:02:36]} 39. Rd4 {[%clk 0:01:52]} Re4 {[%clk 0:02:35]} 40. Rxe4
{[%clk 0:01:40]} fxe4 {[%clk 0:03:03]} 41. Kf1 {[%clk 0:02:10]} Kf5
{[%clk 0:03:12]} 42. Ke2 {[%clk 0:02:39]} Rg7 {[%clk 0:03:14]} 43. Bc3
{[%clk 0:01:03]} Rg6 {[%clk 0:03:30]} 44. Bb4 {[%clk 0:01:32]} Ke6
{[%clk 0:03:49]} 45. Kxe3 {[%clk 0:01:32]} Rxg3+ {[%clk 0:04:17]} 0-1

[Event "Ïåðâåíñòâî Ìîñêâû ïî øàõìàòàì 2015 ñðåäè ìàëü÷èêîâ (Ì19)"]
[Site "Moscow"]
[Date "2015.11.12"]
[Round "1.4"]
[White "Ñàëüìàí, Ïàâåë"]
[Black "Áàãäàñàðîâ, Ýäóàðä"]
[Result "1/2-1/2"]
[WhiteElo "2196"]
[BlackElo "2003"]
[PlyCount "0"]
[EventDate "2015.11.12"]


1. d4 {[%clk 1:30:54]} d5 {[%clk 1:30:51]} 2. c4 {[%clk 1:31:16]} e6
{[%clk 1:31:18]} 3. Nf3 {[%clk 1:31:33]} c6 {[%clk 1:31:40]} 4. Nc3
{[%clk 1:31:14]} f5 {[%clk 1:31:57]} 5. Bf4 {[%clk 1:31:28]} Bd6 {[%clk 1:31:58]}
6. e3 {[%clk 1:31:35]} Nf6 {[%clk 1:31:40]} 7. Bd3 {[%clk 1:31:45]} O-O
{[%clk 1:31:24]} 8. O-O {[%clk 1:30:52]} Ne4 {[%clk 1:29:31]} 9. Qc2
{[%clk 1:27:48]} b6 {[%clk 1:26:05]} 10. Rac1 {[%clk 1:15:12]} Ba6
{[%clk 1:23:29]} 11. cxd5 {[%clk 1:11:13]} exd5 {[%clk 1:20:22]} 12. Ne2
{[%clk 1:07:47]} c5 {[%clk 1:08:21]} 13. dxc5 {[%clk 1:03:29]} bxc5
{[%clk 1:07:43]} 14. Rfd1 {[%clk 1:02:24]} c4 {[%clk 1:02:20]} 15. Bxe4
{[%clk 1:01:59]} fxe4 {[%clk 1:02:32]} 16. Ng5 {[%clk 0:33:45]} Bxf4
{[%clk 0:58:50]} 17. exf4 {[%clk 0:34:10]} Bc8 {[%clk 0:55:39]} 18. Qd2
{[%clk 0:30:17]} Nc6 {[%clk 0:53:55]} 19. Qxd5+ {[%clk 0:28:33]} Qxd5
{[%clk 0:54:19]} 20. Rxd5 {[%clk 0:28:59]} Nb4 {[%clk 0:52:42]} 21. Rd2
{[%clk 0:27:22]} c3 {[%clk 0:43:32]} 22. Rxc3 {[%clk 0:25:08]} Ba6
{[%clk 0:42:14]} 23. Nxe4 {[%clk 0:18:35]} Rad8 {[%clk 0:40:41]} 24. Nd4
{[%clk 0:10:03]} Rxf4 {[%clk 0:35:15]} 25. f3 {[%clk 0:05:26]} Bb7
{[%clk 0:28:51]} 26. Ne6 {[%clk 0:03:08]} Rxd2 {[%clk 0:29:08]} 27. Nxd2
{[%clk 0:03:37]} Rf6 {[%clk 0:28:14]} 28. Rc7 {[%clk 0:01:04]} Rxe6
{[%clk 0:19:20]} 29. Rxb7 {[%clk 0:01:31]} Re1+ {[%clk 0:18:32]} 30. Kf2
{[%clk 0:02:01]} Nd3+ {[%clk 0:18:55]} 31. Kg3 {[%clk 0:02:28]} Re2
{[%clk 0:19:13]} 32. Ne4 {[%clk 0:02:37]} Ne1 {[%clk 0:18:12]} 33. Nf2
{[%clk 0:02:28]} h5 {[%clk 0:18:06]} 34. h4 {[%clk 0:02:52]} g5 {[%clk 0:18:01]}
35. Rb4 {[%clk 0:01:49]} a5 {[%clk 0:16:07]} 36. Re4 {[%clk 0:01:35]} gxh4+
{[%clk 0:16:24]} 37. Kxh4 {[%clk 0:00:49]} Rxf2 {[%clk 0:14:34]} 38. Rxe1
{[%clk 0:01:17]} Rxg2 {[%clk 0:12:35]} 39. Re5 {[%clk 0:01:14]} Rxb2
{[%clk 0:12:03]} 40. Rxa5 {[%clk 0:01:43]} Rh2+ {[%clk 0:12:13]} 41. Kg3
{[%clk 0:01:42]} Rb2 {[%clk 0:11:02]} 42. Ra7 {[%clk 0:02:11]} Rb4
{[%clk 0:10:59]} 43. Ra5 {[%clk 0:02:16]} h4+ {[%clk 0:09:57]} 44. Kh3
{[%clk 0:02:45]} Rf4 {[%clk 0:10:11]} 45. Kg2 {[%clk 0:01:48]} Kf7
{[%clk 0:10:13]} 46. Ra6 {[%clk 0:02:09]} Kg7 {[%clk 0:08:40]} 47. Ra3
{[%clk 0:02:38]} Kg6 {[%clk 0:08:35]} 48. Re3 {[%clk 0:03:04]} Ra4
{[%clk 0:07:33]} 49. a3 {[%clk 0:03:25]} Kf5 {[%clk 0:07:42]} 50. Rb3
{[%clk 0:03:46]} Ra5 {[%clk 0:04:19]} 51. Kh3 {[%clk 0:03:19]} Kg5
{[%clk 0:04:11]} 52. Rc3 {[%clk 0:03:07]} Ra4 {[%clk 0:03:06]} 53. Rd3
{[%clk 0:03:20]} Ra5 {[%clk 0:03:21]} 54. Rb3 {[%clk 0:03:49]} Ra4
{[%clk 0:02:55]} 55. Rb5+ {[%clk 0:04:18]} Kf6 {[%clk 0:03:04]} 56. Rb3
{[%clk 0:04:24]} Kg5 {[%clk 0:03:31]} 57. Kg2 {[%clk 0:04:50]} Kf5
{[%clk 0:02:50]} 58. Rb4 {[%clk 0:06:57]} Rxa3 {[%clk 0:03:07]} 59. Rxh4
{[%clk 0:07:25]} Ra2+ {[%clk 0:03:23]} 60. Kg3 {[%clk 0:07:50]} Ra3
{[%clk 0:03:35]} 61. Rh5+ {[%clk 0:08:19]} Kg6 {[%clk 0:03:49]} 62. Rb5
{[%clk 0:08:47]} Kf6 {[%clk 0:03:54]} 63. Kg4 {[%clk 0:09:03]} Ra6
{[%clk 0:02:50]} 64. Rb4 {[%clk 0:08:34]} Kg6 {[%clk 0:02:40]} 65. Kf4
{[%clk 0:07:08]} Kf6 {[%clk 0:02:56]} 66. Kg4 {[%clk 0:06:42]} Kg6
{[%clk 0:03:24]} 67. f4 {[%clk 0:07:06]} Kf6 {[%clk 0:02:32]} 68. Rb5
{[%clk 0:07:35]} Rc6 {[%clk 0:02:46]} 69. Rh5 {[%clk 0:07:47]} Kg6
{[%clk 0:01:39]} 70. f5+ {[%clk 0:08:14]} Kg7 {[%clk 0:01:48]} 71. Rh1
{[%clk 0:08:36]} Rc2 {[%clk 0:01:43]} 72. Re1 {[%clk 0:08:15]} Rg2+
{[%clk 0:01:20]} 73. Kf4 {[%clk 0:08:44]} Rf2+ {[%clk 0:01:36]} 74. Ke5
{[%clk 0:09:12]} Kf7 {[%clk 0:01:48]} 75. Ra1 {[%clk 0:07:54]} Re2+
{[%clk 0:01:48]} 76. Kf4 {[%clk 0:08:23]} Rf2+ {[%clk 0:01:49]} 77. Kg4
{[%clk 0:08:19]} Kf6 {[%clk 0:01:16]} 78. Ra6+ {[%clk 0:08:48]} Kf7
{[%clk 0:01:19]} 79. Re6 {[%clk 0:08:51]} Rf1 {[%clk 0:01:39]} 80. Re3
{[%clk 0:08:44]} Kf6 {[%clk 0:01:27]} 81. Re6+ {[%clk 0:06:43]} Kf7
{[%clk 0:01:53]} 82. Re4 {[%clk 0:04:51]} Kf6 {[%clk 0:01:57]} 83. Ra4
{[%clk 0:05:11]} Rg1+ {[%clk 0:02:15]} 1/2-1/2

[Event "Ïåðâåíñòâî Ìîñêâû ïî øàõìàòàì 2015 ñðåäè ìàëü÷èêîâ (Ì19)"]
[Site "Moscow"]
[Date "2015.11.12"]
[Round "1.5"]
[White "Ãàëÿåâ, Èâàí"]
[Black "Àëåêñàíäðîâñêèé, Äìèòðèé"]
[Result "0-1"]
[WhiteElo "1976"]
[BlackElo "2183"]
[PlyCount "0"]
[EventDate "2015.11.12"]


1. e4 {[%clk 1:30:58]} c5 {[%clk 1:30:55]} 2. Nf3 {[%clk 1:31:23]} e6
{[%clk 1:31:17]} 3. c3 {[%clk 1:31:36]} Nc6 {[%clk 1:28:24]} 4. d4
{[%clk 1:31:54]} d5 {[%clk 1:28:17]} 5. e5 {[%clk 1:32:18]} Qb6 {[%clk 1:28:31]}
6. a3 {[%clk 1:32:37]} c4 {[%clk 1:28:22]} 7. Nbd2 {[%clk 1:31:43]} Bd7
{[%clk 1:27:42]} 8. b3 {[%clk 1:31:43]} cxb3 {[%clk 1:25:31]} 9. Qxb3
{[%clk 1:31:18]} Qc7 {[%clk 1:25:18]} 10. c4 {[%clk 1:29:16]} Na5
{[%clk 1:23:26]} 11. Qd3 {[%clk 1:28:36]} dxc4 {[%clk 1:21:10]} 12. Nxc4
{[%clk 1:28:06]} Nxc4 {[%clk 1:20:29]} 13. Qxc4 {[%clk 1:28:17]} Qxc4
{[%clk 1:19:56]} 14. Bxc4 {[%clk 1:28:32]} Rc8 {[%clk 1:19:06]} 15. Be2
{[%clk 1:28:27]} Ne7 {[%clk 1:17:23]} 16. O-O {[%clk 1:27:34]} Nd5
{[%clk 1:15:39]} 17. Bd2 {[%clk 1:27:18]} Be7 {[%clk 1:14:12]} 18. Rfb1
{[%clk 1:25:44]} Rc7 {[%clk 1:09:29]} 19. Bg5 {[%clk 1:17:03]} Nc3
{[%clk 1:05:27]} 20. Rb2 {[%clk 1:16:27]} Bc6 {[%clk 1:04:34]} 21. Bxe7
{[%clk 1:15:29]} Kxe7 {[%clk 1:04:17]} 22. Bf1 {[%clk 0:48:40]} Rd8
{[%clk 0:57:25]} 23. Rd2 {[%clk 0:44:54]} Bxf3 {[%clk 0:55:31]} 24. gxf3
{[%clk 0:45:01]} Nd5 {[%clk 0:54:30]} 25. Kg2 {[%clk 0:44:20]} Rc3
{[%clk 0:51:31]} 26. Kg3 {[%clk 0:41:59]} Rdc8 {[%clk 0:39:23]} 27. Rb2
{[%clk 0:30:52]} b6 {[%clk 0:35:57]} 28. a4 {[%clk 0:29:34]} Rc1 {[%clk 0:35:19]}
29. Rbb1 {[%clk 0:28:52]} Rxb1 {[%clk 0:31:14]} 30. Rxb1 {[%clk 0:29:09]} a5
{[%clk 0:17:43]} 31. Bd3 {[%clk 0:22:23]} f5 {[%clk 0:16:27]} 32. exf6+
{[%clk 0:20:58]} gxf6 {[%clk 0:16:33]} 33. Be4 {[%clk 0:19:35]} Rg8+
{[%clk 0:16:30]} 34. Kh4 {[%clk 0:19:50]} Nb4 {[%clk 0:16:41]} 35. f4
{[%clk 0:16:08]} Rd8 {[%clk 0:11:04]} 36. Rd1 {[%clk 0:16:21]} f5
{[%clk 0:10:25]} 37. Bf3 {[%clk 0:15:38]} Kf6 {[%clk 0:09:55]} 38. Kh5
{[%clk 0:14:32]} Rc8 {[%clk 0:09:55]} 39. Rd2 {[%clk 0:14:05]} Rc3
{[%clk 0:10:17]} 40. Bg2 {[%clk 0:13:45]} Nd5 {[%clk 0:09:51]} 41. Bf1
{[%clk 0:11:54]} Nxf4+ {[%clk 0:08:01]} 42. Kh6 {[%clk 0:06:03]} Rc7
{[%clk 0:06:30]} 43. f3 {[%clk 0:04:00]} Rg7 {[%clk 0:06:31]} 44. h4
{[%clk 0:02:04]} Rg6+ {[%clk 0:04:54]} 45. Kxh7 {[%clk 0:02:28]} Rg1
{[%clk 0:04:10]} 46. h5 {[%clk 0:00:41]} Rxf1 {[%clk 0:03:18]} 47. d5
{[%clk 0:00:56]} Rh1 {[%clk 0:03:04]} 48. h6 {[%clk 0:01:01]} Nxd5
{[%clk 0:01:34]} 49. Rg2 {[%clk 0:01:25]} Ne7 {[%clk 0:01:16]} 50. f4
{[%clk 0:01:38]} Rh4 {[%clk 0:00:52]} 51. Rf2 {[%clk 0:01:30]} Ng6
{[%clk 0:00:54]} 52. Rb2 {[%clk 0:01:29]} Kf7 {[%clk 0:01:03]} 53. Rxb6
{[%clk 0:01:47]} Nf8+ {[%clk 0:01:27]} 54. Kh8 {[%clk 0:02:10]} Rxh6#
{[%clk 0:01:51]} 0-1

[Event "Ïåðâåíñòâî Ìîñêâû ïî øàõìàòàì 2015 ñðåäè ìàëü÷èêîâ (Ì19)"]
[Site "Moscow"]
[Date "2015.11.12"]
[Round "1.6"]
[White "Ïàÿíèäè, ßíèñ"]
[Black "Ñåëèâåðñòîâ, Âëàäèñëàâ"]
[Result "1-0"]
[WhiteElo "2178"]
[BlackElo "1954"]
[PlyCount "0"]
[EventDate "2015.11.12"]


1. e4 {[%clk 1:30:55]} c6 {[%clk 1:30:50]} 2. Nc3 {[%clk 1:31:20]} d5
{[%clk 1:31:12]} 3. Nf3 {[%clk 1:31:46]} dxe4 {[%clk 1:30:40]} 4. Nxe4
{[%clk 1:32:11]} Nd7 {[%clk 1:28:08]} 5. d4 {[%clk 1:29:28]} Ngf6
{[%clk 1:28:30]} 6. Nxf6+ {[%clk 1:29:49]} Nxf6 {[%clk 1:28:50]} 7. Bc4
{[%clk 1:29:53]} e6 {[%clk 1:28:06]} 8. Be3 {[%clk 1:28:02]} Bd6 {[%clk 1:28:07]}
9. O-O {[%clk 1:27:33]} O-O {[%clk 1:27:45]} 10. Bd3 {[%clk 1:21:05]} Qe7
{[%clk 1:22:42]} 11. Ne5 {[%clk 1:11:19]} c5 {[%clk 1:20:32]} 12. Nc4
{[%clk 1:07:36]} cxd4 {[%clk 1:11:56]} 13. Bxd4 {[%clk 1:07:01]} Bc5
{[%clk 1:04:21]} 14. Bxf6 {[%clk 1:06:59]} gxf6 {[%clk 1:04:20]} 15. Re1 f5
{[%clk 0:54:56]} 16. Bxf5 {[%clk 0:42:53]} Bxf2+ {[%clk 0:53:50]} 17. Kxf2
{[%clk 0:43:21]} Qc5+ {[%clk 0:54:11]} 18. Ne3 {[%clk 0:43:48]} exf5
{[%clk 0:53:53]} 19. Qh5 {[%clk 0:44:14]} Qd4 {[%clk 0:35:59]} 20. Qg5+
{[%clk 0:41:20]} Qg7 {[%clk 0:34:31]} 21. Qxg7+ {[%clk 0:38:09]} Kxg7
{[%clk 0:34:59]} 22. c3 {[%clk 0:37:18]} Rd8 {[%clk 0:34:07]} 23. Rad1
{[%clk 0:36:16]} Be6 {[%clk 0:34:27]} 24. a3 {[%clk 0:36:04]} f4 {[%clk 0:32:17]}
25. Nc2 {[%clk 0:33:53]} Rxd1 {[%clk 0:27:37]} 26. Rxd1 {[%clk 0:34:22]} Kf6
{[%clk 0:27:29]} 27. Nd4 {[%clk 0:33:32]} Rg8 {[%clk 0:23:33]} 28. Nf3
{[%clk 0:28:59]} Rc8 {[%clk 0:20:15]} 29. Nd4 {[%clk 0:25:13]} Rg8
{[%clk 0:20:40]} 30. Nb5 {[%clk 0:23:18]} a6 {[%clk 0:20:17]} 31. Nd4
{[%clk 0:17:09]} h5 {[%clk 0:13:29]} 32. Rd2 {[%clk 0:15:23]} h4 {[%clk 0:12:28]}
33. Ne2 {[%clk 0:09:19]} Ke5 {[%clk 0:06:07]} 34. Rd4 {[%clk 0:07:46]} Bd5
{[%clk 0:04:20]} 35. Nxf4 {[%clk 0:07:15]} Be4 {[%clk 0:04:05]} 36. Nd3+
{[%clk 0:07:32]} Kf5 {[%clk 0:03:59]} 37. Ne1 {[%clk 0:07:30]} h3
{[%clk 0:03:36]} 38. g3 {[%clk 0:03:28]} Rg6 {[%clk 0:03:48]} 39. Nf3
{[%clk 0:03:33]} Rf6 {[%clk 0:04:03]} 40. Ke3 {[%clk 0:03:17]} Bxf3
{[%clk 0:02:43]} 41. Rf4+ {[%clk 0:03:33]} 1-0

[Event "Ïåðâåíñòâî Ìîñêâû ïî øàõìàòàì 2015 ñðåäè ìàëü÷èêîâ (Ì19)"]
[Site "Moscow"]
[Date "2015.11.12"]
[Round "1.7"]
[White "Êàòâàëÿí, Àâåòèê"]
[Black "Êîâàëåâ, Åãîð"]
[Result "0-1"]
[WhiteElo "1829"]
[BlackElo "2144"]
[PlyCount "0"]
[EventDate "2015.11.12"]


1. d4 {[%clk 1:30:58]} Nf6 {[%clk 1:30:55]} 2. c4 {[%clk 1:31:23]} g6
{[%clk 1:31:22]} 3. Nf3 {[%clk 1:31:47]} Bg7 {[%clk 1:31:48]} 4. Nc3
{[%clk 1:31:53]} d5 {[%clk 1:32:08]} 5. cxd5 {[%clk 1:31:41]} Nxd5
{[%clk 1:32:24]} 6. e4 {[%clk 1:31:31]} Nxc3 {[%clk 1:31:59]} 7. bxc3
{[%clk 1:31:59]} c5 {[%clk 1:30:07]} 8. Bb5+ {[%clk 1:27:36]} Bd7
{[%clk 1:26:59]} 9. Bxd7+ {[%clk 1:23:48]} Qxd7 {[%clk 1:26:11]} 10. O-O
{[%clk 1:21:49]} cxd4 {[%clk 1:25:49]} 11. cxd4 {[%clk 1:22:07]} O-O
{[%clk 1:17:09]} 12. Be3 {[%clk 1:16:18]} Rc8 {[%clk 0:51:56]} 13. Qd2
{[%clk 1:10:49]} Nc6 {[%clk 0:43:56]} 14. Rab1 {[%clk 1:04:20]} b6
{[%clk 0:42:31]} 15. Rfc1 {[%clk 0:54:01]} Na5 {[%clk 0:42:12]} 16. Qe2
{[%clk 0:51:50]} Rxc1+ {[%clk 0:35:13]} 17. Rxc1 {[%clk 0:51:26]} Rc8
{[%clk 0:35:28]} 18. Rxc8+ {[%clk 0:25:05]} Qxc8 {[%clk 0:35:48]} 19. Qd1
{[%clk 0:25:26]} Qc4 {[%clk 0:23:37]} 20. Qb1 {[%clk 0:18:58]} e6
{[%clk 0:15:25]} 21. h3 {[%clk 0:17:17]} Qc6 {[%clk 0:13:23]} 22. Nd2
{[%clk 0:08:51]} Nb7 {[%clk 0:12:16]} 23. Nb3 {[%clk 0:05:21]} Nd6
{[%clk 0:12:22]} 24. Nd2 {[%clk 0:05:21]} Nb5 {[%clk 0:10:14]} 25. Qd3
{[%clk 0:03:27]} Nc3 {[%clk 0:09:39]} 26. Qa6 {[%clk 0:02:13]} h6
{[%clk 0:03:30]} 27. Qxa7 {[%clk 0:01:11]} Ne2+ {[%clk 0:03:56]} 28. Kh2 Nxd4 29.
Qb8+ Kh7 0-1

[Event "Ïåðâåíñòâî Ìîñêâû ïî øàõìàòàì 2015 ñðåäè ìàëü÷èêîâ (Ì19)"]
[Site "Moscow"]
[Date "2015.11.12"]
[Round "1.8"]
[White "Ìàòþíèí, Ìàêñèì"]
[Black "Ïîñèöåëüñêèé, Äìèòðèé"]
[Result "1/2-1/2"]
[WhiteElo "2136"]
[BlackElo "1747"]
[PlyCount "0"]
[EventDate "2015.11.12"]


1. d4 {[%clk 1:30:57]} d5 {[%clk 1:30:56]} 2. Nf3 Nf6 3. c4 e6 4. Nc3 Be7 5. Bg5
{[%clk 1:30:39]} O-O {[%clk 1:31:20]} 6. e3 h6 7. Bh4 b6 8. cxd5 Nxd5 9. Bxe7
Qxe7 10. Bd3 Bb7 11. O-O {[%clk 1:21:47]} Nd7 {[%clk 1:30:30]} 12. Rc1
{[%clk 1:21:27]} Nxc3 {[%clk 1:24:51]} 13. Rxc3 c5 14. Bb1 {[%clk 1:16:26]} Rfc8
{[%clk 1:14:23]} 15. dxc5 Nxc5 16. Nd4 {[%clk 0:44:18]} Ne4 {[%clk 1:05:24]} 17.
Rxc8+ {[%clk 0:43:25]} Rxc8 {[%clk 1:05:46]} 18. f3 {[%clk 0:41:01]} Nf6
{[%clk 1:05:18]} 19. Qb3 {[%clk 0:38:50]} Bd5 {[%clk 0:38:40]} 20. Qa4
{[%clk 0:36:03]} Qc5 {[%clk 0:37:33]} 21. Re1 {[%clk 0:35:00]} a5
{[%clk 0:32:02]} 22. Nb3 {[%clk 0:31:35]} Qc4 {[%clk 0:26:06]} 23. Qxc4
{[%clk 0:31:46]} Bxc4 {[%clk 0:25:28]} 24. Rc1 {[%clk 0:30:19]} Ba6
{[%clk 0:24:14]} 25. Rxc8+ {[%clk 0:30:37]} Bxc8 {[%clk 0:24:31]} 26. Bd3
{[%clk 0:31:04]} e5 {[%clk 0:22:16]} 27. Nd2 {[%clk 0:29:15]} Be6
{[%clk 0:20:43]} 28. Bc4 {[%clk 0:28:43]} Bd7 {[%clk 0:18:17]} 29. e4
{[%clk 0:26:39]} Kf8 {[%clk 0:17:59]} 30. Nb1 {[%clk 0:25:09]} Ke7
{[%clk 0:17:49]} 31. Nc3 {[%clk 0:25:26]} Be6 {[%clk 0:17:04]} 32. Bb5
{[%clk 0:20:29]} Kd6 {[%clk 0:16:05]} 33. Kf2 {[%clk 0:19:58]} Kc5
{[%clk 0:15:00]} 34. Ba4 {[%clk 0:19:29]} Bc4 {[%clk 0:13:18]} 35. Ke3
{[%clk 0:18:24]} b5 {[%clk 0:11:43]} 36. Bc2 {[%clk 0:18:40]} Ne8
{[%clk 0:11:00]} 37. Bd3 {[%clk 0:14:39]} Nd6 {[%clk 0:10:26]} 38. Kd2
{[%clk 0:11:56]} b4 {[%clk 0:10:14]} 39. Na4+ {[%clk 0:12:00]} Kd4
{[%clk 0:10:11]} 40. Bc2 {[%clk 0:10:55]} Bf1 {[%clk 0:08:36]} 41. g3
{[%clk 0:10:15]} Nc4+ {[%clk 0:06:37]} 42. Ke1 {[%clk 0:10:43]} Bd3
{[%clk 0:05:09]} 43. Bxd3 {[%clk 0:09:48]} Kxd3 {[%clk 0:05:30]} 44. b3
{[%clk 0:10:16]} Nd6 {[%clk 0:05:41]} 45. Kf2 {[%clk 0:06:12]} Nb5
{[%clk 0:04:29]} 46. Nb2+ {[%clk 0:04:15]} Kc2 {[%clk 0:04:18]} 47. Nc4
{[%clk 0:04:20]} f6 {[%clk 0:03:58]} 48. Nxa5 {[%clk 0:04:39]} Nc3
{[%clk 0:04:19]} 49. Ke3 {[%clk 0:03:11]} Nxa2 {[%clk 0:04:32]} 50. f4 Nc1
{[%clk 0:03:57]} 51. fxe5 {[%clk 0:03:59]} fxe5 {[%clk 0:04:15]} 52. Nc6
{[%clk 0:04:17]} Kc3 {[%clk 0:04:26]} 53. Nxe5 {[%clk 0:04:32]} Nxb3
{[%clk 0:04:49]} 54. Nd3 {[%clk 0:04:02]} Na5 {[%clk 0:04:43]} 55. Nxb4
{[%clk 0:03:09]} Kxb4 {[%clk 0:05:06]} 56. Kd4 {[%clk 0:03:29]} Kb5
{[%clk 0:05:01]} 57. Kd5 {[%clk 0:03:57]} Kb6 {[%clk 0:04:59]} 58. Ke6
{[%clk 0:04:05]} Kc6 {[%clk 0:04:28]} 59. Kf7 {[%clk 0:04:23]} Kd6
{[%clk 0:03:25]} 60. Kxg7 {[%clk 0:04:45]} Ke5 {[%clk 0:02:41]} 61. Kxh6
{[%clk 0:05:11]} Nc6 {[%clk 0:02:22]} 62. g4 {[%clk 0:05:27]} Kxe4
{[%clk 0:02:21]} 63. Kg5 {[%clk 0:04:43]} Ke5 {[%clk 0:01:49]} 64. h4
{[%clk 0:05:07]} Ke6 {[%clk 0:02:12]} 65. Kh6 {[%clk 0:05:04]} Ne5
{[%clk 0:01:36]} 66. g5 {[%clk 0:05:18]} Nf3 {[%clk 0:01:47]} 67. Kh5
{[%clk 0:04:28]} Nxh4 {[%clk 0:02:04]} 68. Kxh4 {[%clk 0:04:56]} Kf7
{[%clk 0:02:28]} 69. Kh5 {[%clk 0:05:19]} Kg7 {[%clk 0:02:52]} 70. g6
{[%clk 0:05:47]} Kg8 {[%clk 0:03:10]} 1/2-1/2